Enfoques prácticos para planeación y control de inventrios (Registro nro. 2182)

Detalles MARC
000 -LEADER
fixed length control field 00882 a2200193 4500
001 - CONTROL NUMBER
control field 31483
005 - DATE AND TIME OF LATEST TRANSACTION
control field 20260407155619.0
008 - FIXED-LENGTH DATA ELEMENTS--GENERAL INFORMATION
fixed length control field 260407a1978 arg spa d
003 - CONTROL NUMBER IDENTIFIER
control field AR-UNSa-BCEJYS
040 ## - CATALOGING SOURCE
Original cataloging agency AR-UNSa-BCEJYS
Language of cataloging spa
Transcribing agency AR-UNSa-BCEJYS
080 ## - UNIVERSAL DECIMAL CLASSIFICATION NUMBER
Universal Decimal Classification number 519.87
Common auxiliary subdivision Modelos matemáticos para la investigación operativa
100 1# - MAIN ENTRY--PERSONAL NAME
Personal name Garcia Cantú, Alfonso
245 10 - TITLE STATEMENT
Title Enfoques prácticos para planeación y control de inventrios
264 #1 - PRODUCTION, PUBLICATION, DISTRIBUTION, MANUFACTURE, AND COPYRIGHT NOTICE
Place of production, publication, distribution, manufacture México :
Name of producer, publisher, distributor, manufacturer Trillas
Date of production, publication, distribution, manufacture, or copyright notice 1978
300 ## - PHYSICAL DESCRIPTION
Extent 115 p.
Dimensions 23 cm.
505 ## - FORMATTED CONTENTS NOTE
Formatted contents note 1. Conceptos del control de inventarios - 2. Sistemas de selectividad A,B,C - 3. Glosario de términos y símbolos del control de inventarios - 4. Sistemas probabilísticos - 5. Sistemas probabilísticos para resolver cuando ordenar - 6. Pronósticos mediante promedio movible y promedio exponencial
590 ## - LOCAL NOTE (RLIN)
Local note niveau_biblio:m niveau_hierar:0
942 ## - ADDED ENTRY ELEMENTS (KOHA)
Koha item type
Existencias
Withdrawn status Lost status Damaged status Not for loan Home library Current library Shelving location Date acquired Total checkouts Full call number Barcode Date last seen Price effective from Koha item type
        Biblioteca Prof. Eusebio Cleto del Rey Biblioteca Prof. Eusebio Cleto del Rey   07/04/2026   519.87 G216 L53963 07/04/2026 07/04/2026 Libro